<?xml version="1.0" encoding="UTF-8"?>
<record
    xmlns:xsi="http://www.w3.org/2001/XMLSchema-instance"
    xsi:schemaLocation="http://www.loc.gov/MARC21/slim http://www.loc.gov/standards/marcxml/schema/MARC21slim.xsd"
    xmlns="http://www.loc.gov/MARC21/slim">

  <leader>00758nam a22001577a 4500</leader>
  <controlfield tag="003">OSt</controlfield>
  <controlfield tag="005">20190122135748.0</controlfield>
  <controlfield tag="008">190122b        xxu||||| |||| 00| 0 eng d</controlfield>
  <datafield tag="040" ind1=" " ind2=" ">
    <subfield code="c">RUA</subfield>
  </datafield>
  <datafield tag="082" ind1=" " ind2=" ">
    <subfield code="a">AGR SOU 2016 B625 Or.01</subfield>
  </datafield>
  <datafield tag="100" ind1=" " ind2=" ">
    <subfield code="9">13402</subfield>
    <subfield code="a">SOU LY &#x179F;&#x17CA;&#x17BC; &#x179B;&#x17B8;</subfield>
  </datafield>
  <datafield tag="245" ind1=" " ind2=" ">
    <subfield code="a">effect of split application of masinag organic liquitd fertilizer on growth of gorn at royal university of agriculture&#x200B; &#x1794;&#x17D2;&#x179A;&#x179F;&#x17B7;&#x1791;&#x17D2;&#x1792;&#x1797;&#x17B6;&#x1796;&#x1793;&#x17C3;&#x1787;&#x17B8;&#x179F;&#x179A;&#x17B8;&#x179A;&#x17B6;&#x1784;&#x17D2;&#x1782;&#x1798;&#x17C9;&#x17B6;&#x179F;&#x17CA;&#x17B8;&#x1793;&#x17C1;&#x1780;&#x179B;&#x17BE;&#x1780;&#x17B6;&#x179A;&#x179B;&#x17BC;&#x178F;&#x179B;&#x17B6;&#x179F;&#x17CB;&#x178A;&#x17C6;&#x178E;&#x17B6;&#x17C6;&#x1796;&#x17C4;&#x178F;&#x1785;&#x17C6;&#x178E;&#x17B8;&#x179F;&#x178F;&#x17D2;&#x179C;&#x1793;&#x17C5;&#x179F;&#x17B6;&#x1780;&#x179B;&#x179C;&#x17B7;&#x1791;&#x17D2;&#x1799;&#x17B6;&#x179B;&#x17D0;&#x1799;&#x1797;&#x17BC;&#x1798;&#x17B7;&#x1780;&#x179F;&#x17B7;&#x1780;&#x1798;&#x17D2;&#x1798;</subfield>
  </datafield>
  <datafield tag="260" ind1=" " ind2=" ">
    <subfield code="a">phnom penh </subfield>
    <subfield code="b">RUA</subfield>
    <subfield code="c">2016</subfield>
  </datafield>
  <datafield tag="300" ind1=" " ind2=" ">
    <subfield code="a">viii,30</subfield>
    <subfield code="b">ill,</subfield>
    <subfield code="c">29cm,</subfield>
  </datafield>
  <datafield tag="942" ind1=" " ind2=" ">
    <subfield code="2">ddc</subfield>
    <subfield code="c">AGR</subfield>
  </datafield>
  <datafield tag="999" ind1=" " ind2=" ">
    <subfield code="c">17743</subfield>
    <subfield code="d">17743</subfield>
  </datafield>
  <datafield tag="952" ind1=" " ind2=" ">
    <subfield code="0">0</subfield>
    <subfield code="1">0</subfield>
    <subfield code="2">ddc</subfield>
    <subfield code="4">0</subfield>
    <subfield code="6">AGR_SOU_2016_000000000000000_B625_OR_01</subfield>
    <subfield code="7">0</subfield>
    <subfield code="9">77688</subfield>
    <subfield code="a">LBB</subfield>
    <subfield code="b">LBB</subfield>
    <subfield code="c">B625</subfield>
    <subfield code="d">2019-01-22</subfield>
    <subfield code="l">1</subfield>
    <subfield code="o">AGR SOU 2016 B625 Or.01</subfield>
    <subfield code="p">A33645</subfield>
    <subfield code="r">2025-11-11</subfield>
    <subfield code="s">2025-10-27</subfield>
    <subfield code="w">2019-01-22</subfield>
    <subfield code="y">AGR</subfield>
  </datafield>
  <datafield tag="952" ind1=" " ind2=" ">
    <subfield code="0">0</subfield>
    <subfield code="1">0</subfield>
    <subfield code="2">ddc</subfield>
    <subfield code="4">0</subfield>
    <subfield code="6">AGR_SOU_2016_000000000000000_B625_OR_02</subfield>
    <subfield code="7">0</subfield>
    <subfield code="9">77689</subfield>
    <subfield code="a">LBB</subfield>
    <subfield code="b">LBB</subfield>
    <subfield code="c">B625</subfield>
    <subfield code="d">2019-01-22</subfield>
    <subfield code="l">1</subfield>
    <subfield code="o">AGR SOU 2016 B625 Or.02</subfield>
    <subfield code="p">A33510</subfield>
    <subfield code="r">2023-06-16</subfield>
    <subfield code="s">2023-05-26</subfield>
    <subfield code="w">2019-01-22</subfield>
    <subfield code="y">AGR</subfield>
  </datafield>
  <datafield tag="952" ind1=" " ind2=" ">
    <subfield code="0">0</subfield>
    <subfield code="1">0</subfield>
    <subfield code="2">ddc</subfield>
    <subfield code="4">0</subfield>
    <subfield code="6">AGR_SOU_2016_000000000000000_B625_OR_03</subfield>
    <subfield code="7">0</subfield>
    <subfield code="9">77690</subfield>
    <subfield code="a">LBB</subfield>
    <subfield code="b">LBB</subfield>
    <subfield code="c">B625</subfield>
    <subfield code="d">2019-01-22</subfield>
    <subfield code="l">2</subfield>
    <subfield code="o">AGR SOU 2016 B625 Or.03</subfield>
    <subfield code="p">A33565</subfield>
    <subfield code="r">2020-10-09</subfield>
    <subfield code="s">2020-10-02</subfield>
    <subfield code="w">2019-01-22</subfield>
    <subfield code="y">AGR</subfield>
  </datafield>
  <datafield tag="952" ind1=" " ind2=" ">
    <subfield code="0">0</subfield>
    <subfield code="1">0</subfield>
    <subfield code="2">ddc</subfield>
    <subfield code="4">0</subfield>
    <subfield code="6">AGR_SOU_2016_000000000000000_B625_OR_04</subfield>
    <subfield code="7">0</subfield>
    <subfield code="9">77691</subfield>
    <subfield code="a">LBB</subfield>
    <subfield code="b">LBB</subfield>
    <subfield code="c">B625</subfield>
    <subfield code="d">2019-01-22</subfield>
    <subfield code="o">AGR SOU 2016 B625 Or.04</subfield>
    <subfield code="p">A33490</subfield>
    <subfield code="r">2019-01-22</subfield>
    <subfield code="w">2019-01-22</subfield>
    <subfield code="y">AGR</subfield>
  </datafield>
  <datafield tag="952" ind1=" " ind2=" ">
    <subfield code="0">0</subfield>
    <subfield code="1">0</subfield>
    <subfield code="2">ddc</subfield>
    <subfield code="4">0</subfield>
    <subfield code="6">AGR_SOU_2016_000000000000000_B625_OR_05</subfield>
    <subfield code="7">0</subfield>
    <subfield code="9">77692</subfield>
    <subfield code="a">LBB</subfield>
    <subfield code="b">LBB</subfield>
    <subfield code="c">B625</subfield>
    <subfield code="d">2019-01-22</subfield>
    <subfield code="l">1</subfield>
    <subfield code="o">AGR SOU 2016 B625 Or.05</subfield>
    <subfield code="p">A33300</subfield>
    <subfield code="r">2024-11-19</subfield>
    <subfield code="s">2024-10-24</subfield>
    <subfield code="w">2019-01-22</subfield>
    <subfield code="y">AGR</subfield>
  </datafield>
  <datafield tag="952" ind1=" " ind2=" ">
    <subfield code="0">0</subfield>
    <subfield code="1">0</subfield>
    <subfield code="2">ddc</subfield>
    <subfield code="4">0</subfield>
    <subfield code="6">AGR_SOU_2016_000000000000000_B625_OR_06</subfield>
    <subfield code="7">0</subfield>
    <subfield code="9">77693</subfield>
    <subfield code="a">LBB</subfield>
    <subfield code="b">LBB</subfield>
    <subfield code="c">B625</subfield>
    <subfield code="d">2019-01-22</subfield>
    <subfield code="o">AGR SOU 2016 B625 Or.06</subfield>
    <subfield code="p">A33375</subfield>
    <subfield code="r">2019-01-22</subfield>
    <subfield code="w">2019-01-22</subfield>
    <subfield code="y">AGR</subfield>
  </datafield>
</record>
